Não te preocupes, Gualter! (Registo nº 4354)
[ vista simples ]
| 000 -Etiqueta do registo | |
|---|---|
| Cabeçalho | 00829nam0a2200265 4500 |
| 005 - Identificador da versão | |
| Campo de controlo | 20240813122059.0 |
| 095 ## - | |
| -- | PTBN00360963 |
| 021 ## - Número do Depósito Legal | |
| Código do país | PT |
| Número | 49610/91 |
| 100 ## - Dados gerais de processamento | |
| Dados gerais de processamento | 20170316d1992 c y0pory5003 ba |
| 102 ## - Pais de publicação ou produção | |
| País de publicação | Portugal |
| 101 1# - Língua de publicação | |
| Língua do texto, banda sonora, etc. | Português |
| Língua do documento no original | Inglês |
| 215 ## - Descrição física | |
| Indicação específica da natureza do documento e extensão da espécie | [24] p. |
| Outras indicações físicas | il. color |
| 200 1# - Titulo e menção de responsabilidade | |
| Título próprio | Não te preocupes, Gualter! |
| Primeira menção de responsabilidade | texto de Anna H. Dickson |
| Outras menções de responsabilidade | il. de Tom Brannon |
| -- | trad. Isabel Simões dos Santos |
| 225 1# - Colecção | |
| Título próprio da colecção | Rua sésamo |
| Indicação de volume | 17 |
| 210 ## - Publicação, Distribuição, etc. | |
| Lugar da edição, distribuição, etc. | Lisboa |
| Nome do editor, distribuidor, etc. | Verbo |
| Data da publicação, distribuição, etc. | D. L. 1991 |
| Data da impressão | imp. 1992 |
| 606 ## - Nome comum usado como assunto | |
| Número de registo de entrada de autoridade | 0001374 |
| Palavra de ordem | Literatura inglesa |
| Subdivisão de assunto | Conto |
| Código do sistema | CA |
| 675 ## - Classificação Decimal Universal (CDU) | |
| Notação | 821.111-34 |
| Edição | 3ª ed. |
| Língua da edição | por |
| 702 #1 - Nome de autor-pessoa física (responsabilidade secundária) | |
| Número de registo de entrada de autoridade | 0001139 |
| Palavra de ordem | Brannon |
| Outra parte do nome não tomada para palavra de ordem | Tom |
| Código de função | Ilustrador / Técnico de desenho computorizado |
| Número de registo de entrada de autoridade | 0001140 |
| Palavra de ordem | Santos |
| Outra parte do nome não tomada para palavra de ordem | Isabel Simões dos |
| Datas | 1958- |
| Código de função | Tradutor |
| 700 #1 - Nome de autor-pessoa física (responsabilidade principal) | |
| Número de registo de entrada de autoridade | 0001138 |
| Palavra de ordem | Dickson |
| Outra parte do nome não tomada para palavra de ordem | Anna H. |
| 966 ## - Identificação da Biblioteca | |
| Sigla | EBVEN |
| 942 ## - Elementos de entrada adicionados (Koha) | |
| Tipo de item no Koha | Livro |
| Situação do levantamento | Origin of item (home branch) (coded) | Biblioteca de empréstimo | Código de barras | Cota | Circulation type (not for loan) | Tipo de documento | Nota do exemplar | Damaged status |
|---|---|---|---|---|---|---|---|---|
| Biblioteca Escolar das Vendas | Biblioteca Escolar das Vendas | BEV634 | 8EST DIC | Livro | Sem mensagem |
